Chemistry: an introduction to organic, inorganic and physical chemistry. -- 4th ed. (Record no. 79310)

MARC details
000 -LEADER
fixed length control field 01369nam a2200241 a 4500
008 - FIXED-LENGTH DATA ELEMENTS--GENERAL INFORMATION
fixed length control field 120209s2010 ||||||||||||||||| || u
020 ## - INTERNATIONAL STANDARD BOOK NUMBER
International Standard Book Number 9780273715450
050 ## - LIBRARY OF CONGRESS CALL NUMBER
Classification number QD 33.2 Hou
100 ## - MAIN ENTRY--PERSONAL NAME
Personal name Constable, Edwin C
245 10 - TITLE STATEMENT
Title Chemistry: an introduction to organic, inorganic and physical chemistry. -- 4th ed.
Statement of responsibility, etc. by Catherine E. Housecroft and Edwin C. Constable
250 ## - EDITION STATEMENT
Edition statement 4th ed.
260 ## - PUBLICATION, DISTRIBUTION, ETC.
Place of publication, distribution, etc. Harlow, Essex
Name of publisher, distributor, etc. Pearson
Date of publication, distribution, etc. 2010
300 ## - PHYSICAL DESCRIPTION
Extent xxxii, 1517p.: ill.
350 ## -
-- 0.00
500 ## - GENERAL NOTE
General note Accompanied By Student Access Kit
650 #0 - SUBJECT ADDED ENTRY--TOPICAL TERM
Topical term or geographic name entry element CHEMISTRY--TEXTBOOKS
700 ## - ADDED ENTRY--PERSONAL NAME
Personal name Housecroft, Catherine E
995 ## -
-- SHORT LOAN BOOKS
-- 745747
-- CBU-MAIN LIBRARY (Kitwe)
-- 0.00
-- QD 33.2 Hou
-- 3
-- AVAILABLE
-- Apr 28, 2016
-- 745747
-- Short Loan Collection
995 ## -
-- MAIN LIBRARY OPEN ACCESS
-- 745748
-- CBU-MAIN LIBRARY (Kitwe)
-- 0.00
-- QD 33.2 Hou
-- 4
-- OUT
-- Apr 28, 2016
-- 745748
-- Main Library Open Access Collection
995 ## -
-- SHORT LOAN BOOKS
-- 743018
-- CBU-MAIN LIBRARY (Kitwe)
-- 0.00
-- QD 33.2 Hou
-- 1
-- AVAILABLE
-- Jul 6, 2012
-- 743018
-- Short Loan Collection
995 ## -
-- MAIN LIBRARY OPEN ACCESS
-- 746147
-- CBU-MAIN LIBRARY (Kitwe)
-- 0.00
-- QD 33.2 Hou
-- 5
-- AVAILABLE
-- Apr 28, 2016
-- 746147
-- Main Library Open Access Collection
995 ## -
-- SHORT LOAN BOOKS
-- 745476
-- CBU-MAIN LIBRARY (Kitwe)
-- 122.50
-- QD 33.2 Hou
-- 2
-- AVAILABLE
-- Apr 28, 2016
-- 745746
-- Short Loan Collection
999 ## -
-- 79310
-- 79310

No items available.